000 00658nam a2200217 a 4500
999 _c2686
_d2686
001 2686
003 BD-JhCC
005 20171210100150.0
008 171106s1969 ii |||| ||a| 001 0 ben d
035 _a(BD-JhCC)2686
040 _aBD-JhCC
_dBD-JhCC
041 _aben
082 _a891.443
_bKUN 1969
100 _aকুণ্ডূ, আশোক
245 _aবঙ্কিম-অভিধান উপন্যাস খন্ড /
_cআশোক কুণ্ডূ,
260 _aকলিকতা :
_bভারতী বুক হিউ
_c1969
300 _a386 p. :
_c22 CM.
650 _aNovel Directions
942 _2ddc
_cBK